000 00491nam a2200157Ia 4500
008 210716s2014 xx 000 0 und d
020 _a9789339212032
041 _aeng
082 _a005.3068 GRAC
100 _aGray, Clifford F;Larson, Erik W;Desai, Gautam V.
245 _aProject management: the managerial process.
_bManagerial process.
250 _a6
260 _aNew Delhi
_bTata McGraw Hill Education Private Limited
_c2014
300 _axxxiv,917
650 _aProject Management
999 _c187054
_d187054